000 01430nam a2200397 i 4500
001 55907
003 KOSZ 005
005 20220920083342.0
008 080909s2008 pl a |001 0 pol
015 _aPB 2009/11455
020 _a9788376011936
040 _aWA N
_cWA N
_dKOSZ 005/HR
046 _k2008
080 _a336.221.24(438)
100 1 _aLitwińczuk, Hanna
_d(1953- )
_eAutor
245 1 0 _aPrawo podatkowe przedsiębiorców.
_nT. 1 /
_cred. nauk. Hanna Litwińczuk ; [aut.] Hanna Litwińczuk, Piotr Karwat.
250 _a6. wyd.
260 _aWarszawa :
_bWolters Kluwer Polska,
_c2008.
300 _a472, [1] s. :
_bil. ;
_c24 cm.
336 _2rdacontent
_aTekst
_btxt
337 _2rdamedia
_aBez urządzenia pośredniczącego
_bn
338 _2rdacarrier
_aWolumin
_bnc
380 _aKsiążki
388 _a2001-
490 1 _aSeria Akademicka.
500 _aAut. poprz. wyd.: Hanna Litwińczuk, Piotr Karwat, Wojciech Pietrasiewicz.
504 _aBibliogr. s. 443-453 i przy rozdz. Indeks.
650 4 _aPrawo podatkowe
651 _aPolska
658 _aPrawo i wymiar sprawiedliwości
700 1 _aKarwat, Piotr
_eAutor
710 2 _aWolters Kluwer
_4pbl.
830 0 _aSeria Akademicka (Wolters Kluwer Polska)
856 _uhttp://koha.tu.koszalin.pl/cgi-bin/koha/opac-detail.pl?biblionumber=55907
_yKatalog online BPK
942 _2UKD
_cKS
999 _c55907
_d55907